| 000 | 00758cam a2200265 i 4500 | ||
|---|---|---|---|
| 001 | 25008 | ||
| 003 | BD-RjUL | ||
| 005 | 20211209050822.0 | ||
| 008 | 140316s1975 ja a 001 0 eng | ||
| 020 | _a0870403648 | ||
| 035 | _a(BD-RjUL)25077 | ||
| 040 |
_aDLC _cDLC _dDLC _dBD-RjUL _beng |
||
| 041 | _aeng | ||
| 082 | 0 | 0 |
_a952 _bHUN |
| 245 | 0 | 2 |
_aA Hundred things Japanese / _cedited by Japan Culture Institute |
| 260 |
_aTokyo : _bJapan Culture Institute, _c1975. |
||
| 300 |
_avi, 208 p. : _bill. ; _c22 cm. |
||
| 504 | _aIncludes index. | ||
| 651 | 0 |
_aJapan _xCivilization. _965133 |
|
| 651 | 0 |
_aJapan _xForeign public opinion. _976922 |
|
| 710 | 2 |
_aNihon Bunka Kenkyūjo. _976923 |
|
| 942 |
_2ddc _cBK |
||
| 999 |
_c25008 _d25008 |
||